000 00364nam a2200121Ia 4500
008 230907s9999||||xx |||||||||||||| ||und||
082 _a658.406
_bNTL
245 4 _aThe NTL handbook of organization development and change :
260 _aPfeiffer,
_bSan Francisco, CA :
_c2006
300 _axxvi, 540 p. :
650 _aHandbooks, manuals, etc.
_911475
942 _cBK
999 _c599121
_d599121